| 000 | 02885cas a2200757 4500 | ||
|---|---|---|---|
| 001 | 11215748 | ||
| 005 | 20260505142013.0 | ||
| 008 | 740830u1970uuuucauar m 0 a0eng | ||
| 010 | _a 78103483 | ||
| 016 | _a(AMICUS)000000087010 | ||
| 016 | 7 |
_a011096640 _2DE-101 |
|
| 016 | 7 |
_a195381-3 _2DE-600 |
|
| 016 | 7 |
_a000267069 _2IsJJNL |
|
| 016 | 7 |
_a011120006 _2Uk |
|
| 022 |
_a0075-8167 _21 |
||
| 023 | 0 | _a0075-8167 | |
| 029 | 1 |
_aAU@ _b000000916325 |
|
| 029 | 1 |
_aAU@ _b000044758497 |
|
| 029 | 1 |
_aAU@ _b000053508580 |
|
| 029 | 1 |
_aHEBIS _b04723962X |
|
| 029 | 1 |
_aHEBIS _b103227814 |
|
| 029 | 1 |
_aNLC _b000000087010 |
|
| 029 | 1 |
_aNLGGC _b045087776 |
|
| 029 | 1 |
_aNZ1 _b12279242 |
|
| 029 | 1 |
_aNZ1 _b4585879 |
|
| 029 | 1 |
_aUKMGB _b011120006 |
|
| 029 | 1 |
_aZWZ _b038863782 |
|
| 035 | _a(OCoLC)994533 | ||
| 037 | _bSage Publications, 275 S. Beverly Dr., Beverly Hills, CA 90212 | ||
| 040 |
_cIRDP _dYUS _dMUL _dDLC _dNSD _dOCL _dHUL _dNST _dDLC _dNST _dZYU _dOCLCQ _dHEBIS _dGBVCP _dJ9U _dUKMGB _dOCLCQ _dOCLCF _dOCLCO _dDEBSZ _dOCLCO _dNLC _dTYC _dOCLCQ _dGILDS _dOCLCO _dOCL _dGZM _dOCLCQ _dCBA _dOCLCO _dOCLCQ |
||
| 042 |
_apcc _ansdp |
||
| 043 | _acl----- | ||
| 082 | 0 | 4 | _a307.76 LAT |
| 100 | _aCORNELIUS,WAYNE.A | ||
| 222 | 0 | _aLatin American urban research | |
| 245 | 0 | 0 | _aLatin American urban research. |
| 260 |
_aLONDON _bSage Publications _c1974 |
||
| 300 |
_avolumes 4 _c24 cm |
||
| 362 | 0 | _av. 4 | |
| 530 | _aAlso issued online. | ||
| 550 | _aVols. 1-4 published in cooperation with the Center for Latin American Studies, University of Florida; v. 5- in cooperation with the Center for International Studies, Massachusetts Institute of Technology. | ||
| 590 | _aSERBIB/SERLOC merged record | ||
| 650 | 0 |
_aCities and towns _zLatin America. |
|
| 650 | 0 |
_aUrbanization _zLatin America. |
|
| 650 | 0 |
_aRural-urban migration _zLatin America. |
|
| 650 | 7 |
_aCities and towns. _2fast |
|
| 650 | 7 |
_aRural-urban migration. _2fast |
|
| 650 | 7 |
_aUrbanization. _2fast |
|
| 650 | 7 |
_aCities and towns _zLatin America. _2ltcsh |
|
| 650 | 7 |
_aMigration _zLatin America. _2ltcsh |
|
| 650 | 7 |
_aMarginality _zLatin America. _2ltcsh |
|
| 650 | 7 |
_aCities and towns _zLatin America _2nli |
|
| 650 | 7 |
_aRural-urban migration _zLatin America _2nli |
|
| 650 | 7 |
_aUrbanization _zLatin America _2nli |
|
| 651 | 7 |
_aLatin America. _2fast |
|
| 655 | 7 |
_aPeriodicals. _2fast |
|
| 655 | 7 |
_aPeriodicals. _2lcgft |
|
| 700 | 1 |
_aRabinovitz, Francine F., _eeditor. |
|
| 700 | 1 |
_aTrueblood, Felicity M., _eeditor. |
|
| 710 | 2 |
_aUniversity of Florida. _bCenter for Latin American Studies. |
|
| 710 | 2 |
_aMassachusetts Institute of Technology. _bCenter for International Studies. |
|
| 776 | 0 | 8 |
_iOnline version: _tLatin American urban research _w(OCoLC)565883106 |
| 906 |
_a7 _bcbc _cserials _d3 _encip _f19 _gn-oclcserc |
||
| 942 |
_2ddc _cBOOKS |
||
| 999 |
_c9596 _d9596 |
||